| 000 | 01543nam0a22003491 4500 | ||
|---|---|---|---|
| 001 | RU\NLR\INFOCOMM_36\5000228199 | ||
| 005 | 20250613102044.0 | ||
| 035 | _a(NLR Aleph) 009416917 | ||
| 090 |
_a8198431 _c8198431 |
||
| 100 | _a20101217d1968 |||y0rusy50 ca | ||
| 101 | 0 |
_afre _deng _drus |
|
| 102 | _aRU | ||
| 105 | _aa ||||000|y | ||
| 200 | 1 |
_aL'influence de l'accroissement de la puissance unitaire des groupes thermiques et nucléaires sur les échanges d'énergie internationaux en Europe occidentale _f[Par] K. Goldsmith ..., H. A. Luder, ing. [et] J. Wahl, ing. ... |
|
| 210 |
_a[M. _d1968] |
||
| 215 |
_a24 с. _cкарт., схем. _d21 см |
||
| 225 | 1 |
_aRapport _fVII Conférence mondiale de l'énergie, Москва, 20-24 авг. 1968. Section C₅ _v220 |
|
| 300 | _aБез тит. л. и обл. | ||
| 300 | _aНадзаголовок также на рус. яз.: VII Мировая энергетическая конференция; и на англ. яз.: VII World power conference | ||
| 300 | _aРезюме на англ. и рус. яз. | ||
| 309 | _aОтпеч. множит. аппаратом | ||
| 606 |
_aЭнергетические системы, объединенные _2nlr_sh1 |
||
| 686 |
_aТ7-900 _2rubbk |
||
| 700 | 1 |
_aGoldsmith _bK. _4070 |
|
| 701 | 1 |
_aLuder _bH. A. _4070 |
|
| 701 | 1 |
_aWahl _bJ. _4070 |
|
| 712 | 1 | 2 |
_aConférence mondiale de l'énergie _d7 _eMoscou _f1968 _4570 |
| 801 | 1 |
_aRU _bNLR _c20101217 |
|
| 801 | 0 |
_aRU _bNLR _gPSBO |
|
| 852 |
_aNLR _jТ15 Д-4/45 |
||
| 942 | _cBOOK | ||
| 980 | _aNB | ||